[Event "VII Anibal Open"]
[Site "Linares ESP"]
[Date "2000.01.12"]
[Round "6"]
[White "Motylev,A"]
[Black "Yagupov,I"]
[Result "1/2-1/2"]
[WhiteElo "2532"]
[BlackElo "2449"]

1.e4 e6 2.d4 d5 3.Nd2 dxe4 4.Nxe4 Nd7 5.Bd3 Ngf6 6.Qe2 c5 7.Nxc5 Nxc5 8.dxc5 Bxc5
9.Nf3 O-O 10.O-O b6 11.Bg5 Bb7 12.Rad1 Qc7 13.Bxf6 gxf6 14.Be4 Rad8 15.Bxb7 Qxb7
16.c3 b5 17.a3 Bb6 18.h3 Rxd1 19.Rxd1 Rd8 20.Rxd8+ Bxd8 21.Qd3 Bb6 22.Kf1 a6
23.Qd6 Qa7 24.Qg3+ Kf8 25.Nd2 Qd7 26.Ke2 Qc6 27.Qf4 f5 28.Qh6+ Kg8 29.Qg5+ Kf8
30.Qh6+ Kg8 31.Qg5+ Kf8 32.Qh6+  1/2-1/2

[Event "VII Anibal Open"]
[Site "Linares ESP"]
[Date "2000.01.13"]
[Round "7"]
[White "Dzhumaev,M"]
[Black "Motylev,A"]
[Result "1/2-1/2"]
[WhiteElo "2457"]
[BlackElo "2532"]

1.e4 c5 2.Nf3 d6 3.d4 cxd4 4.Qxd4 a6 5.c4 Nc6 6.Qd2 Nf6 7.Nc3 Bg4 8.Be2 g6
9.b3 Bg7 10.Bb2 O-O 11.O-O Qa5 12.Qe3 Rfc8 13.Rab1 Nd7 14.a3 Bxf3 15.Bxf3 Qb6
16.Qxb6 Nxb6 17.Nd5 Nd7 18.Bg4 e6 19.Ne3 h5 20.Bf3 Bxb2 21.Rxb2 Nf6 22.Rd1 Ne8
23.Be2 Kf8 24.h3 Ke7 25.Rbd2 Rd8 26.f4 Rac8 27.Bf3 Nf6 28.b4 e5 29.Nd5+ Nxd5
30.exd5 Nd4 31.c5 Nxf3+ 32.gxf3 exf4 33.Rc2 Kd7 34.Rdc1 Re8 35.c6+ bxc6 36.Rxc6 Rxc6
37.Rxc6 Re5 38.Rxa6 Rxd5 39.Ra7+ Ke6 40.a4 Rd1+ 41.Kf2 Rd2+ 42.Ke1 Rb2 43.Rb7 g5
44.a5 Ra2 45.Ra7 f5 46.b5 g4 47.hxg4 fxg4 48.a6 g3 49.Kf1 Rf2+ 50.Kg1 Rxf3
51.Ra8 Ra3 52.Rf8 Ke5 53.b6 Rxa6 54.b7 f3 55.Ra8 Rb6 56.b8=Q Rxb8 57.Rxb8 Kf4
58.Rb4+ Kf5 59.Rb5+ Kf4 60.Rb4+ Kf5 61.Rb5+ Kg4 62.Rb4+ Kg5 63.Rb5+ Kh4 64.Rb4+  1/2-1/2

[Event "VII Anibal Open"]
[Site "Linares ESP"]
[Date "2000.01.14"]
[Round "8"]
[White "Motylev,A"]
[Black "Jonkman,H"]
[Result "1/2-1/2"]
[WhiteElo "2532"]
[BlackElo "2421"]

1.e4 e5 2.Nf3 Nc6 3.Bb5 Nf6 4.O-O Nxe4 5.d4 Nd6 6.Bxc6 dxc6 7.dxe5 Nf5 8.Qxd8+ Kxd8
9.Nc3 Ke8 10.h3 Ne7 11.Re1 h6 12.Ne4 Ng6 13.Ng3 c5 14.b3 Be6 15.c4 Kd7 16.Nh5 Kc6
17.g4 Rd8 18.Bf4 Nxf4 19.Nxf4 Be7 20.Nxe6 fxe6 21.Rad1 Rdf8 22.Kg2 Rf7 23.Re2 Rhf8
24.Rd3 a6 25.Re4 b5 26.Kg3 Kb6 27.h4 g6 28.Ree3 Kc6 29.Re4 Kb6 30.Ree3 Kc6
31.Re4  1/2-1/2

[Event "V Ubeda Open"]
[Site "Ubeda ESP"]
[Date "2000.01.19"]
[Round "1"]
[White "Motylev,A"]
[Black "Naes,F"]
[Result "1-0"]
[WhiteElo "2552"]
[BlackElo "2257"]

1.e4 e5 2.Nf3 Nc6 3.d4 exd4 4.Nxd4 Nf6 5.Nxc6 bxc6 6.e5 Qe7 7.Qe2 Nd5 8.c4 Ba6
9.b3 O-O-O 10.g3 f6 11.Bg2 fxe5 12.O-O e4 13.Qd2 e3 14.Qa5 Kb7 15.cxd5 Bxf1
16.Bxe3 Ba6 17.Bf1 c5 18.Bxa6+ Ka8 19.Nc3 Qf6 20.Bg5 Qxg5 21.Qxc7  1-0

[Event "V Ubeda Open"]
[Site "Ubeda ESP"]
[Date "2000.01.19"]
[Round "10"]
[White "Mirzoev,A"]
[Black "Motylev,A"]
[Result "1/2-1/2"]
[WhiteElo "2438"]
[BlackElo "2552"]

1.d4 d6 2.Nf3 g6 3.c4 Bg7 4.Nc3 Bg4 5.e3 Nf6 6.Be2 O-O 7.O-O a6 8.h3 Bf5
9.Bd3 Bxd3 10.Qxd3 Nbd7 11.b3 c6 12.a4 a5 13.Ba3 Qc7 14.Rad1 Rad8 15.Ne4 Nh5
16.Qc2 h6 17.Rd2 Nb8 18.Rfd1 Na6 19.Qb1 Nb4 20.Ne1 Kh7 21.Nd3 Na6 22.Bb2 Rb8
23.Rc2 Qd8 24.Qc1 Nc7 25.Qd2 Ra8 26.Qe2 Ra7 27.Qf3 Qd7 28.Nf4 Nxf4 29.Qxf4 f5
30.Nc3 e6 31.Ba3 Rd8 32.Qf3 Rb8 33.Rdc1 d5 34.Qg3 Na6 35.Ne2 Qf7 36.Nf4 Rg8
37.Nd3 Bf6 38.Bd6 Raa8 39.Be5 Be7 40.Qf3 g5 41.cxd5 exd5 42.g3 Nb4 43.Nxb4 Bxb4  1/2-1/2

[Event "V Ubeda Open"]
[Site "Ubeda ESP"]
[Date "2000.01.20"]
[Round "2"]
[White "Pisk,P"]
[Black "Motylev,A"]
[Result "0-1"]
[WhiteElo "2407"]
[BlackElo "2552"]

1.e4 c5 2.Nf3 Nc6 3.c3 d5 4.exd5 Qxd5 5.d4 Bg4 6.Be2 cxd4 7.cxd4 e6 8.h3 Bh5
9.Nc3 Qa5 10.d5 exd5 11.Nd4 Bxe2 12.Qxe2+ Be7 13.Nxc6 bxc6 14.O-O Rd8 15.Bd2 d4
16.b4 Qf5 17.Ne4 Nf6 18.Nxf6+ Qxf6 19.Rfe1 Rd7 20.Qg4 h5 21.Qd1 g6 22.Rc1 O-O
23.Qa4 Rc8 24.Rc4 Bd6 25.Qc2 d3 26.Qd1 Qf5 27.Re3 Qd5 28.Qb3 Bf8 29.b5 Rb8
30.Rxc6 Rxb5 31.Qxd5 Rbxd5 32.Rc8 Rd8 33.Re8 Rxc8 34.Rxc8 Kg7 35.Bc3+ f6
36.Rc7+ Kg8 37.Bd2 Bc5 38.Kf1 Kf8 39.Ke1 Re5+ 40.Kd1 Bxf2 41.Bb4+ Ke8 42.Kd2 Bb6
43.Rc8+ Kf7 44.Kxd3 Re3+ 45.Kd2 Rg3 46.Rf8+ Ke6 47.Re8+ Kf5 48.a4 Rxg2+ 49.Kd3 Ra2  0-1

[Event "V Ubeda Open"]
[Site "Ubeda ESP"]
[Date "2000.01.22"]
[Round "4"]
[White "Zvjaginsev,V"]
[Black "Motylev,A"]
[Result "1/2-1/2"]
[WhiteElo "2641"]
[BlackElo "2552"]

1.e4 e5 2.d4 exd4 3.Nf3 Bb4+ 4.c3 dxc3 5.bxc3 Be7 6.Bc4 d5 7.exd5 Nf6 8.O-O O-O
9.Ba3 Nbd7 10.Bb3 Bxa3 11.Nxa3 Nc5 12.Bc4 a6 13.Qd4 Qd6 14.Rfd1 b5 15.Bf1 Bf5
16.Qe5 Be4 17.Qxd6 cxd6 18.Nd2 Bxd5 19.c4 Be6  1/2-1/2

[Event "V Ubeda Open"]
[Site "Ubeda ESP"]
[Date "2000.01.23"]
[Round "5"]
[White "Motylev,A"]
[Black "Grischuk,A"]
[Result "0-1"]
[WhiteElo "2552"]
[BlackElo "2581"]

1.e4 e5 2.Nf3 Nc6 3.d4 exd4 4.Nxd4 Bc5 5.Be3 Qf6 6.c3 Nge7 7.Bc4 b6 8.O-O Bb7
9.f4 O-O-O 10.b4 Nxd4 11.bxc5 Ne6 12.cxb6 axb6 13.Bd3 d5 14.e5 Qh6 15.Na3 d4
16.cxd4 Nd5 17.Qd2 Nxe3 18.Qxe3 Rxd4 19.Bf5 Kb8 20.Nb5 Rxf4 21.Qa3 Rxf1+
22.Rxf1 Rd8 23.Bxe6 fxe6 24.Rc1 Rd7 25.Qf8+ Bc8 26.Qa3 Ba6 27.Rf1 Kb7 28.Qf3+ Rd5
29.a4 Qd2 30.Qe4 h5 31.h3 Bxb5 32.axb5 Qd4+ 33.Qxd4 Rxd4 34.Rf7 Rd5 35.Rxg7 Rxe5
36.Rg6 Rxb5 37.Rxe6 Rd5 38.Kf2 b5 39.Ke3 b4 40.Re4 c5 41.Rc4 Kc6 42.Ke4 Rg5  0-1

[Event "V Ubeda Open"]
[Site "Ubeda ESP"]
[Date "2000.01.24"]
[Round "6"]
[White "Lobzhanidze,D"]
[Black "Motylev,A"]
[Result "0-1"]
[WhiteElo "2448"]
[BlackElo "2552"]

1.e4 c5 2.Nf3 Nc6 3.Nc3 g6 4.d4 cxd4 5.Nxd4 Bg7 6.Nb3 Nf6 7.Be2 O-O 8.O-O d6
9.Re1 Bd7 10.Bf1 Rc8 11.Bg5 Ne5 12.Qd2 Re8 13.Kh1 Be6 14.Nd5 Bxd5 15.exd5 Qc7
16.Bxf6 Bxf6 17.c3 Nc4 18.Bxc4 Qxc4 19.f3 Qa6 20.Nd4 Rc5 21.Ne2 Qc4 22.Red1 Be5
23.f4 Bg7 24.b3 Qa6 25.Rac1 Rec8 26.Rc2 b5 27.Qe3 Qb7 28.Qf3 a5 29.h4 Qd7
30.Rd3 h5 31.Qe4 Bf6 32.Nd4 Qg4 33.g3 Rxc3 34.Rcxc3 Rxc3 35.Rxc3 Qd1+ 36.Kg2 Qd2+
37.Ne2 Bxc3 38.Qxe7 Qxd5+ 39.Kf2 Bb4 40.Qe8+ Kg7 41.Qd7 Bc5+ 42.Ke1 Be3  0-1

[Event "V Ubeda Open"]
[Site "Ubeda ESP"]
[Date "2000.01.25"]
[Round "7"]
[White "Motylev,A"]
[Black "Yandemirov,V"]
[Result "1/2-1/2"]
[WhiteElo "2552"]
[BlackElo "2472"]

1.e4 e6 2.d4 d5 3.Nc3 dxe4 4.Nxe4 Nd7 5.Nf3 Ngf6 6.Nxf6+ Nxf6 7.Be3 Be7 8.Bd3 O-O
9.Qe2 b6 10.O-O-O Bb7 11.h4 c5 12.dxc5 Qc7 13.Bd4 Rfd8 14.cxb6 axb6 15.Be5 Qc5
16.a3 Rac8 17.b4 Bxf3 18.gxf3 Qc6 19.Kb2 Bd6 20.Bxd6 Rxd6 21.c4 Kh8 22.Qe3 Qc7
23.Rc1 Rcd8 24.Rhd1 Rd4 25.Be2 e5 26.Rxd4 exd4 27.Qd2 Qh2 28.Bd3 Qxh4 29.Re1 Qh2
30.f4 h5 31.Re5 h4 32.Rg5 Re8 33.c5 bxc5 34.bxc5 Qh1 35.Qb4 Qf3 36.Qxd4  1/2-1/2

[Event "V Ubeda Open"]
[Site "Ubeda ESP"]
[Date "2000.01.26"]
[Round "8"]
[White "Vokarev,S"]
[Black "Motylev,A"]
[Result "1/2-1/2"]
[WhiteElo "2452"]
[BlackElo "2552"]

1.e4 e5 2.Nf3 Nc6 3.d4 exd4 4.Nxd4 Nf6 5.Nxc6 bxc6 6.e5 Qe7 7.Qe2 Nd5 8.c4 Ba6
9.b3 g6 10.g3 Bg7 11.Bb2 O-O 12.Bg2 Rae8 13.O-O Bxe5 14.Qxe5 Qxe5 15.Bxe5 Rxe5
16.cxd5 Bxf1 17.Kxf1 cxd5  1/2-1/2

[Event "Ciocaltea Mem"]
[Site "Bucharest ROM"]
[Date "2000.03.13"]
[Round "1"]
[White "Motylev,A"]
[Black "Marjanovic,S"]
[Result "1-0"]
[WhiteElo "2552"]
[BlackElo "2524"]

1.e4 e6 2.d4 c5 3.Nf3 cxd4 4.Nxd4 Nc6 5.Nc3 Qc7 6.Be3 a6 7.Qd2 Nf6 8.f3 Ne5
9.Nb3 b5 10.Qf2 Rb8 11.O-O-O d6 12.Ba7 Rb7 13.Bd4 Bd7 14.Kb1 a5 15.Bxe5 dxe5
16.Rxd7 Nxd7 17.Bxb5 Bb4 18.Rd1 Qc8 19.a4 Ke7 20.Na2 Bc5 21.Rxd7+ Rxd7 22.Nxc5 Rd1+
23.Nc1 Rhd8 24.Nd3 Qc7 25.c3 f5 26.Kc2 Rh1 27.Qh4+ Kf8 28.Nc5 Rd6 29.N1d3 h6
30.Bd7 fxe4 31.Qxe4 Ke7 32.Bb5 Rxh2 33.Qg6 e4 34.Qxg7+  1-0

[Event "Ciocaltea Mem"]
[Site "Bucharest ROM"]
[Date "2000.03.14"]
[Round "2"]
[White "Iordachescu,V"]
[Black "Motylev,A"]
[Result "1-0"]
[WhiteElo "2560"]
[BlackElo "2552"]

1.e4 e5 2.Nf3 Nf6 3.d4 Nxe4 4.Bd3 d5 5.Nxe5 Nd7 6.Nc3 Nxe5 7.dxe5 Nxc3 8.bxc3 Qh4
9.O-O Bg4 10.Qd2 Bd7 11.Qe3 b6 12.a4 Bc5 13.Qf3 c6 14.a5 O-O 15.Be3 Qg4 16.Qxg4 Bxg4
17.Bd4 Bxd4 18.cxd4 c5 19.c3 f6 20.f3 Bh5 21.Rfe1 Rae8 22.axb6 axb6 23.f4 fxe5
24.fxe5 c4 25.Bc2 Ra8 26.Reb1 Rxa1 27.Rxa1 b5 28.Rb1 Ra8 29.Rxb5 Ra3 30.Rb8+ Kf7
31.Bxh7 Rxc3 32.Bg8+ Kg6 33.Bxd5 Kg5 34.Rc8 Kf4 35.Rxc4 Rd3 36.h3 Kg3 37.Rc1 Rxd4
38.Bc6 Bf7 39.Rc3+ Kh4  1-0

[Event "Ciocaltea Mem"]
[Site "Bucharest ROM"]
[Date "2000.03.15"]
[Round "3"]
[White "Motylev,A"]
[Black "Vajda,L"]
[Result "1/2-1/2"]
[WhiteElo "2552"]
[BlackElo "2459"]

1.e4 e5 2.Nf3 Nc6 3.d4 exd4 4.Nxd4 Nf6 5.Nxc6 bxc6 6.e5 Qe7 7.Qe2 Nd5 8.c4 Nb6
9.Nc3 Qe6 10.Qe4 Bb4 11.Bd2 Bxc3 12.Bxc3 d5 13.cxd5 cxd5 14.Qb4 Nd7 15.Bb5 c6
16.Ba4 Rb8 17.Qd6 Qxd6 18.exd6 O-O 19.Bxc6 Nb6 20.O-O-O Be6 21.d7 Nxd7 22.Bxd5 Nb6
23.Bxe6 fxe6 24.Rd2 Nd5 25.Be5 Rb5 26.Re1 Rf5 27.Bd4 Kf7 28.Kb1 a5 29.f3 g5
30.Rc1 h5 31.h3 Rf4 32.b3 a4 33.Kb2 axb3 34.axb3 g4 35.fxg4 hxg4 36.Rh1 Nb6
37.Rf2 Rxf2+ 38.Bxf2 Nc4+ 39.Kc3 Nd6 40.Be3 gxh3 41.Rxh3 e5 42.b4 Ne4+ 43.Kc4 Nd6+
44.Kc3 Ne4+ 45.Kc4 Nd6+ 46.Kb3 Rd5 47.Bc5 Ne4 48.Kc4 Rd2 49.g4 Rc2+ 50.Kd5 Nf6+
51.Kxe5 Nxg4+ 52.Kd6 Rd2+ 53.Kc7 Ke6 54.Rh7 Ne5 55.Rh6+ Kf5 56.Rh5+ Ke4 57.Bd6 Nc4
58.Be7 Ne3 59.Bc5 Nd5+ 60.Kc6 Nxb4+ 61.Bxb4 Rd1 62.Rh4+ Kf3 63.Bc5 Kg3 64.Ra4 Kf3
65.Rb4 Rd3 66.Bd4 Ke4 67.Kc5 Rd1 68.Rc4 Rd3 69.Rc1 Ra3 70.Re1+ Kf3 71.Kd5 Ra5+
72.Bc5 Rb5 73.Rf1+ Kg2 74.Rf8 Ra5 75.Kd4 Rb5 76.Bd6 Rb1 77.Bf4 Rb4+ 78.Ke3 Rb3+
79.Ke2 Rb2+ 80.Bd2 Rb3 81.Rf5 Ra3 82.Rb5 Kg3 83.Rg5+ Kh4 84.Rg1 Ra2 85.Rg2 Kh3
86.Rg8 Kh4 87.Kd3 Ra4 88.Ke3 Rg4 89.Rh8+ Kg3 90.Be1+ Kg2 91.Ba5 Rg7 92.Bb4 Rg3+
93.Ke2 Rg6 94.Bd2 Kg3 95.Be3 Kg4 96.Rf8 Ra6 97.Rf1 Ra3 98.Rf4+ Kg3 99.Rd4 Ra2+
100.Bd2 Kg2 101.Rg4+ Kh3 102.Rg1 Kh4 103.Ke3 Kh5 104.Rg2 Ra4 105.Kf3 Rg4
106.Re2 Rg1 107.Re8 Rf1+ 108.Ke2 Rf6 109.Re4 Kg6 110.Bf4 Kf5  1/2-1/2

[Event "Ciocaltea Mem"]
[Site "Bucharest ROM"]
[Date "2000.03.16"]
[Round "4"]
[White "Apicella,M"]
[Black "Motylev,A"]
[Result "1/2-1/2"]
[WhiteElo "2509"]
[BlackElo "2552"]

1.e4 e5 2.Nf3 Nf6 3.Nxe5 d6 4.Nf3 Nxe4 5.Qe2 Qe7 6.d3 Nf6 7.Bg5 Nbd7 8.Nc3 Qxe2+
9.Bxe2 h6 10.Bh4 g5 11.Bg3 Nb6 12.O-O-O Bd7 13.Nd2 h5 14.h4 g4 15.Nde4 Bh6+
16.Kb1 Nh7 17.f4 O-O 18.d4 Rfe8 19.Rhe1 Re7 20.Bd3 Rae8 21.Re2 f5 22.Ng5 Na4
23.Bc4+ Kh8 24.Rxe7 Nxc3+ 25.bxc3 Rxe7 26.Re1 Rxe1+ 27.Bxe1 Nf6 28.g3 Bxg5
29.hxg5 Ne4 30.Bd5 c6 31.Bxe4 fxe4 32.c4 Be6 33.d5 cxd5 34.cxd5 Bxd5 35.Bf2 Be6
36.Bxa7 Kg7 37.Bb8 Kg6 38.Bxd6 Kf5 39.Kc1 e3 40.Kd1 Bf7 41.g6 Bxa2 42.Bc5 Ke4
43.f5 Kxf5  1/2-1/2

[Event "Ciocaltea Mem"]
[Site "Bucharest ROM"]
[Date "2000.03.20"]
[Round "7"]
[White "Motylev,A"]
[Black "Sofronie,I"]
[Result "1-0"]
[WhiteElo "2552"]
[BlackElo "2378"]

1.e4 e5 2.Nf3 Nc6 3.d4 exd4 4.Nxd4 Nf6 5.Nxc6 bxc6 6.e5 Qe7 7.Qe2 Nd5 8.c4 Nb6
9.Nc3 Qe6 10.Qe4 Ba6 11.b3 Bb4 12.Bd2 Bxc3 13.Bxc3 d5 14.Qh4 dxc4 15.Be2 Nd5
16.Bxc4 g5 17.Qd4 Bxc4 18.Qxc4 Nf4 19.Qxe6+ Nxe6 20.O-O-O Ke7 21.Rhe1 Rhd8
22.Rxd8 Rxd8 23.Re4 c5 24.Ra4 Ra8 25.g3 Kd7 26.Kd2 Kc6 27.Ke3 Kd5 28.f4 h6
29.f5 Nd8 30.Re4 Nc6 31.e6 fxe6 32.Rxe6 Nd4 33.Rf6 a5 34.Kd3 a4 35.Rxh6 axb3
36.axb3 Ra2 37.Rh8 Nxb3 38.Rd8+ Kc6 39.f6 g4 40.Ke3 Nd4  1-0

[Event "Ciocaltea Mem"]
[Site "Bucharest ROM"]
[Date "2000.03.21"]
[Round "8"]
[White "Szabo,G ROM"]
[Black "Motylev,A"]
[Result "1-0"]
[WhiteElo "2399"]
[BlackElo "2552"]

1.e4 c5 2.c3 Nf6 3.e5 Nd5 4.d4 cxd4 5.Nf3 Nc6 6.Bc4 Nb6 7.Bb3 d6 8.exd6 Qxd6
9.O-O Be6 10.Na3 Bxb3 11.Qxb3 Qd7 12.Rd1 d3 13.Be3 e6 14.Bxb6 axb6 15.Nc4 Na5
16.Nxa5 Rxa5 17.Qxb6 Rb5 18.Qa7 Be7 19.Ne5 Qc7 20.Qa4 Qa5 21.Qxa5 Rxa5 22.Nxd3 Bd6
23.a4 Ke7 24.c4 Rd8 25.b4 Rh5 26.g3 b6 27.Kg2 Ra8 28.a5 bxa5 29.c5 Bc7 30.b5 Rb8
31.b6 Bxb6 32.cxb6 Rxb6 33.Rdb1 Rxb1 34.Rxb1 Rd5 35.Rb7+ Kf6 36.Nb2 Rc5 37.Kf3 g5
38.Nd3 Rc3 39.Ke4 Rc4+ 40.Ke3 Rc2 41.f4 gxf4+ 42.gxf4 Rc3 43.Kd4 Ra3 44.Ne5 Ra4+
45.Ke3 Ra3+ 46.Ke4 Ra4+ 47.Kf3 Ra3+ 48.Kg4 h5+ 49.Kxh5 Kf5 50.Rxf7+ Ke4 51.Kg5 Ra2
52.h4 Rg2+ 53.Kh6 a4 54.Ng6 a3 55.Ra7 a2 56.Kg7 e5 57.fxe5 Kf5 58.h5 Kg5
59.e6 Kxh5 60.e7  1-0

[Event "Ciocaltea Mem"]
[Site "Bucharest ROM"]
[Date "2000.03.22"]
[Round "9"]
[White "Motylev,A"]
[Black "Miljanic,B"]
[Result "1-0"]
[WhiteElo "2552"]
[BlackElo "2429"]

1.e4 e6 2.d4 d5 3.e5 c5 4.c3 Nc6 5.Nf3 Qb6 6.a3 Nh6 7.b4 cxd4 8.cxd4 Nf5
9.Bb2 Bd7 10.h4 Be7 11.h5 Rc8 12.Qd2 O-O 13.Bd3 Ncxd4 14.Nxd4 Nxd4 15.Bxd4 Qxd4
16.Bxh7+ Kxh7 17.Qxd4 Rc1+ 18.Ke2 Rxh1 19.Nd2 Bb5+ 20.Ke3 Bg5+ 21.f4 Bxf4+
22.Kxf4 Rh4+ 23.g4 Rh3 24.Qc5 g5+ 25.hxg6+ Kg7 26.Qxb5 Kh6 27.Qc5  1-0

[Event "Ciocaltea Mem"]
[Site "Bucharest ROM"]
[Date "2000.03.24"]
[Round "10"]
[White "Vukovic,Zd"]
[Black "Motylev,A"]
[Result "1/2-1/2"]
[WhiteElo "2475"]
[BlackElo "2552"]

1.e4 c5 2.Nf3 Nc6 3.d4 cxd4 4.Nxd4 g6 5.Nc3 Bg7 6.Nb3 Nf6 7.Be2 d6 8.O-O O-O
9.Re1 Bd7 10.Bg5 h6 11.Bh4 a5 12.a4 g5 13.Bg3 Nb4 14.Nd4 Rc8 15.Bb5 Bg4 16.Be2 Bd7
17.Bb5  1/2-1/2

[Event "Ciocaltea Mem"]
[Site "Bucharest ROM"]
[Date "2000.03.26"]
[Round "12"]
[White "Motylev,A"]
[Black "Svetushkin,D"]
[Result "1-0"]
[WhiteElo "2552"]
[BlackElo "2486"]

1.e4 c6 2.d4 d5 3.Nc3 dxe4 4.Nxe4 Nd7 5.Bd3 Ngf6 6.Ng5 e6 7.N1f3 Bd6 8.Qe2 h6
9.Ne4 Nxe4 10.Qxe4 Nf6 11.Qe2 Qc7 12.Bd2 b6 13.O-O-O Bb7 14.Kb1 Rd8 15.Rhe1 O-O
16.Ne5 c5 17.dxc5 Bxc5 18.g4 Rd4 19.c3 Rd5 20.f4 Rfd8 21.Bc2 Ba6 22.Qxa6 Rxd2
23.Rxd2 Rxd2 24.g5 Nd5 25.gxh6 g6 26.Qa4 Qe7 27.f5 exf5 28.Bb3 Bf2 29.Qc6 Bxe1
30.Bxd5 Kh7 31.Bxf7 Rd6 32.Bxg6+ Kxh6 33.Qxd6 Qxd6 34.Nf7+ Kxg6 35.Nxd6 Bf2
36.Kc2 Bc5 37.Nc4 Bg1 38.Ne5+ Kf6 39.Nf3 Bc5 40.Kd3 b5 41.b3 a6 42.h3 Bb6
43.a4 bxa4 44.bxa4 Bf2 45.Kc4 Ke6 46.h4 Be3 47.h5 Kd6 48.Kd3 Bh6 49.c4 Bf8
50.Nh4 f4 51.h6 Ke6 52.h7 Bg7 53.Ke4 Kd7 54.Ng6 f3 55.Kxf3 Kd6 56.Ke4 Kc5
57.Kd3 Kb4 58.h8=Q Bxh8 59.Nxh8 Kxa4 60.Kd4 Kb4  1-0

[Event "Ciocaltea Mem"]
[Site "Bucharest ROM"]
[Date "2000.03.27"]
[Round "13"]
[White "Moldovan,D"]
[Black "Motylev,A"]
[Result "1/2-1/2"]
[WhiteElo "2434"]
[BlackElo "2552"]

1.e4 c5 2.Nf3 Nc6 3.d4 cxd4 4.Nxd4 g6 5.c4 Nf6 6.Nc3 d6 7.Be2 Nxd4 8.Qxd4 Bg7
9.Be3 O-O 10.Qd2 Be6 11.f3 Qa5 12.Rc1 Rfc8 13.b3  1/2-1/2

[Event "53rd ch-RUS"]
[Site "Samara RUS"]
[Date "2000.06.16"]
[Round "1"]
[White "Tunik,G"]
[Black "Motylev,A"]
[Result "1/2-1/2"]
[WhiteElo "2442"]
[BlackElo "2552"]

1.d4 Nf6 2.c4 g6 3.Nf3 Bg7 4.g3 O-O 5.Bg2 d6 6.O-O a6 7.Nc3 Nc6 8.e4 Bg4
9.Be3 Nd7 10.Qd2 Na5 11.b3 c5 12.Rab1 Bxf3 13.Bxf3 Nc6 14.Ne2 e5 15.dxc5 dxc5
16.Nc3 Nd4 17.Bg2 b5 18.cxb5 Qa5 19.Nd5 Qxd2 20.Bxd2 axb5 21.Rb2 Ra3 22.Be3 Rfa8
23.Bh3 Nf6  1/2-1/2

[Event "53rd ch-RUS"]
[Site "Samara RUS"]
[Date "2000.06.17"]
[Round "2"]
[White "Motylev,A"]
[Black "Khlian,E"]
[Result "1-0"]
[WhiteElo "2552"]
[BlackElo "2454"]

1.e4 c6 2.d4 d5 3.Nc3 dxe4 4.Nxe4 Bf5 5.Ng3 Bg6 6.h4 h6 7.Nf3 Nd7 8.h5 Bh7
9.Bd3 Bxd3 10.Qxd3 Qc7 11.Rh4 e6 12.Bf4 Qa5+ 13.Bd2 Bb4 14.Ne4 Ngf6 15.Nd6+ Ke7
16.Nxb7 Qb6 17.Qb3 a5 18.Bxb4+ axb4 19.Nc5 Ra5 20.Nd3 Rb8 21.Nfe5 Qb5 22.a4 Qb7
23.Kf1 Kf8 24.Qc4 Ra6 25.b3 Nd5  1-0

[Event "53rd ch-RUS"]
[Site "Samara RUS"]
[Date "2000.06.19"]
[Round "3"]
[White "Rashkovsky,N"]
[Black "Motylev,A"]
[Result "1/2-1/2"]
[WhiteElo "2523"]
[BlackElo "2552"]

1.d4 Nf6 2.c4 g6 3.Nc3 Bg7 4.e4 d6 5.Nf3 O-O 6.Be2 e5 7.O-O Nc6 8.d5 Ne7
9.b4 Nh5 10.Re1 f5 11.Ng5 Nf6 12.Bf3 c6 13.Ba3 cxd5 14.cxd5 h6 15.Ne6 Bxe6
16.dxe6 fxe4 17.Bxe4 d5 18.b5 Nxe4 19.Nxe4 dxe4 20.Qxd8 Rfxd8 21.Bxe7 Re8
22.Bc5 Rxe6 23.Be3 a6 24.b6 Rc8 25.Rac1 Rcc6 26.Red1 Bf8 27.Rxc6 Rxc6 28.Rd7 Rd6
29.Rxd6 Bxd6 30.Bxh6 Be7 31.Be3 Kf7 32.g3 g5 33.Kg2 Ke6 34.h3  1/2-1/2

[Event "53rd ch-RUS"]
[Site "Samara RUS"]
[Date "2000.06.21"]
[Round "5"]
[White "Rustemov,A"]
[Black "Motylev,A"]
[Result "1/2-1/2"]
[WhiteElo "2553"]
[BlackElo "2552"]

1.d4 Nf6 2.Nf3 g6 3.c4 Bg7 4.g3 O-O 5.Bg2 d6 6.Nc3 Nc6 7.O-O a6 8.b3 Rb8
9.Nd5 Nh5 10.Bb2 e6 11.Nc3 b5 12.d5 Ne7 13.dxe6 Bxe6 14.cxb5 axb5 15.Qc2 Nf6
16.Rac1 Bf5  1/2-1/2

[Event "53rd ch-RUS"]
[Site "Samara RUS"]
[Date "2000.06.22"]
[Round "6"]
[White "Motylev,A"]
[Black "Aseev,K"]
[Result "1-0"]
[WhiteElo "2552"]
[BlackElo "2517"]

1.e4 c5 2.Nf3 d6 3.d4 cxd4 4.Nxd4 Nf6 5.Nc3 Nc6 6.f3 e6 7.Be3 Be7 8.Qd2 O-O
9.O-O-O d5 10.Qe1 e5 11.Nxc6 bxc6 12.exd5 Nxd5 13.Bc4 Be6 14.Bf2 Qc7 15.Ne4 Rfd8
16.Nc5 Bxc5 17.Bxc5 Nf4 18.Rxd8+ Rxd8 19.Bxe6 Nxe6 20.Be3 c5 21.Qe2 c4 22.Rd1 Rxd1+
23.Qxd1 Qc6 24.Bxa7 Qa4 25.Be3 Qxa2 26.Qd5 Qa1+ 27.Kd2 Qxb2 28.Qa8+ Nf8 29.Bc5 c3+
30.Ke3 Qc1+ 31.Kd3 Qd2+ 32.Kc4 h6 33.Qxf8+ Kh7 34.Kb3 f6 35.Qc8 Qxg2 36.Qg4 Qd2
37.Bf8 Qd5+ 38.Kxc3 Qc6+ 39.Kd2 Qc7 40.Bb4 Qb6 41.h4 Kg8 42.Kc3 h5 43.Qe4  1-0

[Event "53rd ch-RUS"]
[Site "Samara RUS"]
[Date "2000.06.23"]
[Round "7"]
[White "Volkov,S"]
[Black "Motylev,A"]
[Result "1-0"]
[WhiteElo "2582"]
[BlackElo "2552"]

1.d4 Nf6 2.c4 g6 3.Nc3 Bg7 4.e4 d6 5.Be2 O-O 6.Nf3 e5 7.Be3 Na6 8.O-O Ng4
9.Bc1 c6 10.h3 Nf6 11.d5 Nc5 12.Bg5 cxd5 13.cxd5 h6 14.Bxf6 Qxf6 15.b4 Nd7
16.Nd2 h5 17.a4 Bh6 18.a5 a6 19.Nc4 Qe7 20.Bd3 Rb8 21.Rb1 b5 22.axb6 Nxb6
23.Na5 Qg5 24.Kh1 Qh4 25.Ne2 f5 26.Ng1 fxe4 27.g3 Qg5 28.Bxe4 Bf5 29.Qe2 Bxe4+
30.Qxe4 Qf5 31.f3 Nd7 32.Nc6 Rbe8 33.Qxf5 Rxf5 34.Ra1 e4 35.Rxa6 Be3 36.g4 hxg4
37.hxg4 Rxd5 38.fxe4 Rd2 39.Nf3 Rb2 40.Re1 Bf2 41.Rd1 Nf6 42.Rd2 Rxd2 43.Nxd2 Nxg4
44.b5 Nf6 45.Kg2 Bc5 46.b6 Bxb6 47.Rxb6 Nxe4 48.Nc4 Kg7 49.Ne3 Nf6 50.Rb7+ Kh6
51.Kf3 Kg5 52.Rb5+ Kh6 53.Nd4 Re4 54.Ne2 Re5 55.Rb1 g5 56.Nc4 g4+ 57.Kf2 Rf5+
58.Ke3 d5 59.Nd4 Rh5 60.Nd6 Kg6 61.Rb6 Re5+ 62.Kf4 Re1 63.Ra6 Rf1+ 64.Kg3 Kh5
65.Kg2 Rd1 66.Ne2 Kg5 67.Nf7+ Kg6 68.Ne5+ Kf5 69.Nc6 Nh5 70.Ra4 Rd2 71.Kf1 Rd3
72.Kg2 Rd2 73.Kf2 Rb2 74.Nd4+ Kg5 75.Ke3 Rb8 76.Ne6+ Kf6 77.Nc7 Rb3+ 78.Kd4 Kg5
79.Nxd5 g3 80.Ra8 Nf6 81.Ne3 Rb4+ 82.Kc3 Rh4 83.Ra5+ Kg6 84.Kd3 Ng4 85.Nf5 Rh8
86.Nfxg3 Rf8 87.Nd4 Rc8 88.Ra6+ Kg5 89.Ne6+ Kh4 90.Nf5+ Kh3 91.Ke4 Kg2 92.Kf4 Nf2
93.Ne3+ Kh2 94.Kf3 Nd3 95.Nf1+ Kg1 96.Ne3 Ne1+ 97.Kg3 Rg8+ 98.Ng4 Re8 99.Nf4 Rb8
100.Ra3 Rb2 101.Re3 Ng2 102.Ra3 Kf1 103.Nh2+ Ke1 104.Nxg2+  1-0

[Event "53rd ch-RUS"]
[Site "Samara RUS"]
[Date "2000.06.25"]
[Round "9"]
[White "Shariyazdanov,A"]
[Black "Motylev,A"]
[Result "1/2-1/2"]
[WhiteElo "2612"]
[BlackElo "2552"]

1.d4 Nf6 2.c4 g6 3.Nc3 Bg7 4.e4 d6 5.Be2 O-O 6.Nf3 e5 7.O-O Nc6 8.d5 Ne7
9.b4 Nh5 10.Re1 a5 11.bxa5 c5 12.Nd2 Nf4 13.Bf1 Rxa5 14.a4 g5 15.Nb3 Ra6
16.g3 Neg6 17.Kh1 g4 18.Ra2  1/2-1/2

[Event "53rd ch-RUS"]
[Site "Samara RUS"]
[Date "2000.06.26"]
[Round "10"]
[White "Motylev,A"]
[Black "Galliamova,A"]
[Result "1/2-1/2"]
[WhiteElo "2552"]
[BlackElo "2515"]

1.e4 c5 2.Nf3 Nc6 3.d4 cxd4 4.Nxd4 Nf6 5.Nc3 e5 6.Ndb5 d6 7.Bg5 a6 8.Na3 b5
9.Nd5 Be7 10.Bxf6 Bxf6 11.c3 Bg5 12.Nc2 Rb8 13.a3 a5 14.Bd3 Ne7 15.Nce3 Bxe3
16.Nxe3 O-O 17.O-O Be6 18.Qe2 Qb6 19.Rfd1 g6 20.Rd2 Kh8 21.Rad1 Qc5 22.h3 Rb6
23.Bb1 Kg7 24.Qf3 f6 25.b4 Qc7 26.bxa5 Rc6 27.Qe2 Rb8 28.Rb2 Qxa5 29.a4 Qxa4
30.Ba2 Bg8 31.Bxg8 Nxg8 32.Ra2 Qxe4 33.Ra7+ Kh8 34.Qa2 Rcb6 35.Qe6 R6b7 36.Qxd6 Rxa7
37.Qxb8 Qb7 38.Qe8 Ra8 39.Qe6 Ra6 40.Qe8 Ra8 41.Qe6 Ra6 42.Qb3 Ra8 43.Rd6 Ra1+
44.Kh2 Qe4 45.Nd5 Qa4 46.Qxa4 bxa4 47.Nxf6 Nxf6 48.Rxf6  1/2-1/2

[Event "1st European Blitz Ch"]
[Site "Neum BIH"]
[Date "2000.10.04"]
[Round "8"]
[White "Sokolov,I"]
[Black "Motylev,A"]
[Result "1-0"]
[WhiteElo "2611"]
[BlackElo "2574"]

1.d4 Nf6 2.c4 g6 3.Nc3 Bg7 4.e4 d6 5.Bg5 O-O 6.Qd2 Na6 7.Nge2 c6 8.f3 e5
9.O-O-O Qa5 10.Kb1 Qb6 11.Bh6 Be6 12.d5 cxd5 13.cxd5 Bd7 14.h4 Nc5 15.h5 a5
16.g4 Rfc8 17.Bxg7 Kxg7 18.hxg6 fxg6 19.Qh6+ Kg8 20.g5 Nh5 21.Ng3 Be8 22.Rxh5 gxh5
23.Nf5 Rc7 24.Qf6 Rf7 25.Nh6+ Kf8 26.Nxf7 Bxf7 27.Nb5 Qd8 28.Qh8+ Bg8 29.Bh3 Qe7
30.Bf5 Rd8 31.g6 hxg6 32.Bxg6 Qg7 33.Qxh5 b6 34.Qg5 Qe7 35.Qf5+ Kg7 36.Rg1 Rf8
37.Bf7+  1-0

[Event "1st European Blitz Ch"]
[Site "Neum BIH"]
[Date "2000.10.04"]
[Round "8"]
[White "Motylev,A"]
[Black "Sokolov,I"]
[Result "0-1"]
[WhiteElo "2574"]
[BlackElo "2611"]

1.e4 e5 2.Nf3 Nc6 3.d4 exd4 4.Nxd4 Bc5 5.Nxc6 Qf6 6.Qd2 bxc6 7.Nc3 Ne7 8.Bd3 O-O
9.O-O d5 10.Qf4 Qxf4 11.Bxf4 dxe4 12.Nxe4 Bb6 13.Rfe1 Nd5 14.Bd2 c5 15.Ng5 h6
16.Bh7+ Kh8 17.Be4 Bb7 18.Nf3 f5 19.Bd3 Nb4 20.Bxb4 cxb4 21.Ne5 Rfe8 22.Bxf5 Bd4
23.Ng6+ Kg8 24.Be6+ Kh7 25.Ne7 Bxb2 26.Rad1 Bc3 27.Re3 Rad8 28.Bd7 Bf6 29.Bf5+ Kh8
30.Rxd8 Rxd8 31.h3 g5 32.Re6 Kg7 33.Bg4 Kf7 34.Nc6 Rd2 35.Nxb4 h5 36.Bf5 Bd4
37.Nd3 Bd5 38.Re1 Bxa2  0-1

[Event "1st European Blitz Ch"]
[Site "Neum BIH"]
[Date "2000.10.05"]
[Round "17"]
[White "Tkachiev,V"]
[Black "Motylev,A"]
[Result "0-1"]
[WhiteElo "2657"]
[BlackElo "2574"]

1.d4 Nf6 2.c4 g6 3.g3 Bg7 4.Bg2 O-O 5.Nc3 d6 6.Nf3 a6 7.O-O Nc6 8.Bd2 Rb8
9.Rc1 e5 10.dxe5 Nxe5 11.b3 Nxf3+ 12.Bxf3 Bh3 13.Re1 Qd7 14.Bf4 Rfe8 15.Qd2 Bf5
16.Rcd1 b6 17.e4 Bg4 18.Bxg4 Nxg4 19.f3 Ne5 20.Kg2 Qc6 21.Nd5 a5 22.Bg5 Kh8
23.Bh6 Qd7 24.Bxg7+ Kxg7 25.f4 Ng4 26.h3 c6 27.Nxb6 Qc7 28.Qd4+ Nf6 29.e5 dxe5
30.fxe5 Nh5 31.Nd7 Rbd8 32.g4 c5 33.Qxc5 Qb7+ 34.Qd5 Nf4+ 35.Kg3 Nxd5 36.Rxd5 Rxd7
37.Red1 Rxd5 38.Rxd5  0-1